Zdokonalení řízení technické normalizace v rámci útvaru řízení jakosti podniku záverečná práca postgraduálneho štúdia

Gespeichert in:
Bibliographische Detailangaben
1. Verfasser: Salzbrunn, Rudolf
Körperschaft: Vysoká škola ekonomická v Bratislave
Weitere Verfasser: Jelínek, Antonín
Format: Buch
Sprache:Tschechisch
Veröffentlicht: Bratislava 1989
Tags: Tag hinzufügen
Keine Tags, Fügen Sie das erste Tag hinzu!

MARC

LEADER 00000nam a2200000 4500
001 c037094
005 20221215072030.8
041 0 |a cze 
044 |a SK 
245 1 0 |a Zdokonalení řízení technické normalizace v rámci útvaru řízení jakosti podniku  |b záverečná práca postgraduálneho štúdia  |c Rudolf Salzbrunn ; Ved. práce Antonín Jelínek 
264 1 |a Bratislava  |c 1989 
300 |a 58 s. 
100 1 |a Salzbrunn, Rudolf 
700 1 |a Jelínek, Antonín 
710 2 |a Vysoká škola ekonomická v Bratislave